Movies Quiz

Random Movies or Comic Books Quiz

Comic Book Film Adaptations Quiz Stats

Quiz not verified by Sporcle

Challenge
Share
Tweet
Embed
Score 0/50 Timer 15:00
0 Plays Today
Year Movie % Correct
1989Batman
96%
1978Superman
94.4%
1981Superman II
92%
1983Superman III
91.2%
2000X-Men
91.2%
1995Batman Forever
90.4%
1997Batman & Robin
90.4%
1987Superman IV - The Quest For Peace
88.8%
1992Batman Returns
88%
2002Spider-Man
87.2%
2003X2 - X-Men United
87.2%
2005Batman Begins
86.4%
2004Spider-Man 2
85.6%
2008The Dark Knight
85.6%
2011Thor
85.6%
2007Spider-Man 3
84%
2006X-Men - The Last Stand
83.2%
2008Iron Man
83.2%
2010Iron Man 2
83.2%
2003Daredevil
80.8%
2003Hulk
80.8%
2009X-Men Origins - Wolverine
80.8%
2005Fantastic Four
80%
2008The Incredible Hulk
78.4%
2007Fantastic Four - Rise of The Silver Surfer
76.8%
Year Movie % Correct
2005Elektra
72.8%
2006Superman Returns
69.6%
1998Blade
68.8%
2002Blade II
66.4%
2004Blade - Trinity
66.4%
2004The Punisher
64.8%
2007Ghost Rider
57.6%
2008The Punisher - War Zone
50.4%
1984Supergirl
48.8%
2004Catwoman
45.6%
2004Hellboy
44%
2008Hellboy II - The Golden Army
41.6%
1991The Punisher
40%
2009Watchmen
39.2%
2011Captain America - The First Avenger
37.6%
2011X-Men - First Class
30.4%
1986Howard The Duck
30.4%
2012Ghost Rider - Spirit of Vengeance
25.6%
2011Green Lantern
24%
2010Kick-Ass
22.4%
2005Sin City
21.6%
2007300
20%
2010Jonah Hex
17.6%
1997Men In Black
14.4%
2002Men In Black II
13.6%

You're not logged in!

Compare scores with friends on all Sporcle quizzes.
Sign Up with Email
OR
Log In

You Might Also Like...

Show Comments

Extras

Top Quizzes Today


Score Distribution

Your Account Isn't Verified!

In order to create a playlist on Sporcle, you need to verify the email address you used during registration. Go to your Sporcle Settings to finish the process.

Report this User

Report this user for behavior that violates our Community Guidelines.

Details: